| 000 | 00728nam a22002292 4500 | ||
|---|---|---|---|
| 001 | 0000005308 | ||
| 005 | 20151217145824.0 | ||
| 008 | 070611s xx 000 0 eng d | ||
| 020 | _a0815140436 : | ||
| 040 |
_aKABU _cKABU |
||
| 050 | 0 |
_aTX354 _b.G79 1995 |
|
| 100 | 1 |
_aGuthrie, Helen Andrews. _@0000107269 |
|
| 245 | 1 | 0 |
_aHuman nutrition / _cHelen A. Guthrie, Mary Frances Picciano; with the assistance of Andrew Scott. |
| 260 |
_aBoston : _bWCB/McGraw-Hill, _c1995. |
||
| 300 | _axix, 659 p. | ||
| 650 | 0 |
_aNutrition. _@0000155604 |
|
| 700 | 1 |
_aPicciano, Mary Frances. _@0000156526 |
|
| 700 | 1 |
_aScott, Andrew. _@0000148204 |
|
| 908 | _a070611 | ||
| 950 | _@1 | ||
| 999 |
_c2945 _d2945 |
||